[Event "Dortmund op-B"]
[Site "Dortmund"]
[Date "2007.06.26"]
[Round "4"]
[White "Ziabari, Morteza"]
[Black "Stockhuss, Kevin"]
[Result "1-0"]
[WhiteElo "1881"]
[BlackElo "1663"]
[PlyCount "35"]
[EventDate "2007.06.22"]
[EventType "swiss"]
[EventRounds "9"]
[EventCountry "GER"]
[SourceTitle "EXT 2008"]
[Source "ChessBase"]
[SourceDate "2007.11.25"]
[SourceVersion "1"]
[SourceVersionDate "2007.11.25"]
[SourceQuality "1"]

1. e4 c5 2. Nf3 Nc6 3. Nc3 e5 4. Bc4 g6 5. 0-0 Bg7 6. d3 Nge7 7. Be3 d6 8. Qd2 0-0 9. Bh6 Nd4 10. Nxd4 cxd4 11. Ne2 d5 12. Bxg7 Kxg7 13. Bb3 Be6 14. Ng3 Qd7 15. Qg5 f6 16. Nh5+ Kf7 17. Qxf6+ Ke8 18. Ng7+ 1-0

[Event "Dortmund Sparkassen op-B"]
[Site "Dortmund"]
[Date "2006.07.28"]
[Round "2"]
[White "Lapidus, Mark"]
[Black "Stockhuss, Kevin"]
[Result "1-0"]
[WhiteElo "1842"]
[BlackElo "1542"]
[PlyCount "67"]
[EventDate "2006.07.28"]
[EventType "swiss"]
[EventRounds "9"]
[EventCountry "GER"]
[SourceTitle "CBM 113 Extra"]
[Source "ChessBase"]
[SourceDate "2006.09.14"]
[SourceVersion "1"]
[SourceVersionDate "2006.09.14"]
[SourceQuality "1"]

1. e4 c5 2. Nf3 Nc6 3. d4 cxd4 4. Nxd4 Nf6 5. Nc3 e5 6. Ndb5 d6 7. Bg5 a6 8. Na3 b5 9. Nd5 Be7 10. Bxf6 Bxf6 11. c3 0-0 12. Be2 Rb8 13. Nc2 a5 14. 0-0 Bg5 15. Bg4 Be6 16. Nce3 Ne7 17. Nxe7+ Qxe7 18. Nd5 Bxd5 19. Qxd5 Qc7 20. Rfd1 Rfd8 21. Be2 b4 22. c4 Qc5 23. b3 Bf4 24. g3 Bg5 25. Rd3 Be7 26. Bg4 Rf8 27. Rad1 Rbd8 28. Qb7 Rfe8 29. Rd5 Rb8 30. Rxc5 Rxb7 31. Rxa5 Bd8 32. Ra8 Rb6 33. c5 Rc6 34. Bd7 1-0